000 00207 a2200097 4500
245 _aIdeology and Utopia
_hText
100 _aKarl Mannheim
650 _aSOCIOLOGY
005 20191021095753.0
260 _bRoutldge
_c1960
084 _aNONE
999 _c12656
_d12656